| 000 | 01010nam a2200289Ia 4500 | ||
|---|---|---|---|
| 003 | OSt | ||
| 005 | 20220928123923.0 | ||
| 006 | a|||||r|||| 00| 0 | ||
| 007 | ta | ||
| 008 | 220927b |||||||| |||| 00| 0 eng d | ||
| 020 | _cUKP 105.00 | ||
| 024 | _a140709 | ||
| 037 |
_b21, 06/02/2019, Excel Book International _cTextual |
||
| 040 |
_aSDCL _cSDCL _beng |
||
| 041 |
_2eng _aeng |
||
| 082 | _aX9(J).2'P, Q8 | ||
| 100 |
_aGoswami Binoy Ed. _9462282 |
||
| 245 | 0 |
_aIndian agriculture after the green revolution _b Changes and challenges |
|
| 260 |
_aLondon _bRoutledge _c2018 |
||
| 300 |
_axv,233p. _ccm. |
||
| 490 | _aRoutledge studies in the modern world economy | ||
| 650 |
_aBusiness Economics _9391653 |
||
| 700 |
_a Bezbaruah Madhurjya Prasad Ed. _9462283 |
||
| 700 |
_a Mandal Raju Ed. _9462284 |
||
| 942 |
_hX9(J).2'P, Q8 _cTEXL _2CC |
||
| 999 |
_c775283 _d775283 |
||